Datum a čas kvízu
33
Celkem bodů
Celkový počet nahraných bodů na tomto kvízu bez doplňovacích otázek.
5.
Pořadí na kvízu
Konečné umístění týmu na tomto kvízu.
Zaznamenané odpovědi
| # | Otázka | Odpověď | Body | Výsledky |
|---|---|---|---|---|
| 1. | Ve čtvrtek jsme se dozvěděli,... | Rohlík.cz | 1 | |
| 2. | O nebývalý rozruch se na newyo... | A) mýval | 1 | |
| 3. | Který bývalý člen kanceláře pr... | Jiří Ovčáček | 1 | |
| 4. | Řetězec Pepco se pod tlakem zá... | C) zkušební kabiny | 0 | |
| 5. | Minulý týden se na sociálních... | Zachytil se (kopačkou) do sítě. | 1 | |
| 6. | Robin Hood je britsko-americký... | Ridley Scott, Russel Crowe | 0 | |
| 7. | Přiřaďte následující herce k p... | 1B 2D 3A 4C | 0 | |
| 8. | Německý film režiséra Edwarda... | Na západní frontě klid, Erich Maria Remarque | 1 | |
| 9. | Film Pianista byl natočen v ro... | Adrien Brody, Roman Polański | 1 | |
| 10. | Napište název filmu, z něhož p... | Nepřítel před branami | 0 |